Welcome to the Holygrace Academy Library

Please use search bar below to get started

AS YOU LIKE IT (Record no. 276)

MARC details
000 -LEADER
fixed length control field 00303nam a22001337a 4500
020 ## - INTERNATIONAL STANDARD BOOK NUMBER
ISBN 817826344-0
082 ## - DEWEY DECIMAL CLASSIFICATION NUMBER
Classification number 823
Item number SHA/A
100 ## - MAIN ENTRY--AUTHOR NAME
Personal name WILLIAM SHAKESPEAR
245 ## - TITLE STATEMENT
Title AS YOU LIKE IT
260 ## - PUBLICATION, DISTRIBUTION, ETC. (IMPRINT)
Place of publication DELHI
Name of publisher ROHAN BOOK COMPANY
Year of publication 2003
300 ## - PHYSICAL DESCRIPTION
Number of Pages 224
650 ## - SUBJECT ADDED ENTRY--TOPICAL TERM
Topical Term MODERN ILLUSTRATED CLASSICS
942 ## - ADDED ENTRY ELEMENTS (KOHA)
Koha item type Books
Holdings
Withdrawn status Lost status Collection code Home library Current library Shelving location Date acquired Source of acquisition Cost, normal purchase price Full call number Accession Number Koha item type
    Fiction Main Library Main Library On Display 07/11/2012 purchase 35.00 823 SHA/A 06477 Books
    Fiction Main Library Main Library On Display 02/06/2009 purchase 35.00 823 SHA/A 04680 Books